| 000 | 01894cam a22003374a 4500 | ||
|---|---|---|---|
| 001 | 13688903 | ||
| 003 | PILC | ||
| 005 | 20150817105051.0 | ||
| 008 | 040816s2005 njua b 001 0 eng | ||
| 010 | _a 2004018995 | ||
| 020 | _a0131472453 | ||
| 040 |
_aDLC _cDLC _dDLC |
||
| 042 | _apcc | ||
| 050 | 0 | 0 |
_aHF 5718 _b.B659 2006 |
| 082 | 0 | 0 |
_aMCSF 658.45 _bB66 2006 |
| 100 | 1 |
_aBovée, Courtland L. _9801 |
|
| 245 | 1 | 0 |
_aBusiness communication essentials / _cCourtland L. Bovee, John V. Thill. |
| 250 | _a2nd edition. | ||
| 260 |
_aUpper Saddle River, NJ : _bPearson Prentice Hall, _c2006. |
||
| 300 |
_a461 pages : _billustrations (chiefly color) ; _c28 cm. + _e1 CD |
||
| 500 | _aIncludes bibliographical references and index. | ||
| 505 | 0 | _aUnderstanding business communication in today's workplace -- Communicating in teams and mastering listening and nonverbal communication skills -- Planning business messages -- Writing business messages -- Completing business messages -- Working with letters, memos, e-mail, and instant messages -- Writing routine messages -- Writing bad-news messages -- Writing persuasive messages -- Understanding and planning business reports and proposals -- Composing and completing business reports and proposals -- Preparing and giving oral business presentations -- Searching for employment and preparing employment messages -- Interviewing for employment and following up. | |
| 650 | 0 |
_aBusiness communication. _914664 |
|
| 650 | 0 |
_aBusiness writing. _92531 |
|
| 650 | 0 |
_aBusiness presentations. _914870 |
|
| 700 | 1 |
_aThill, John V. _914871 |
|
| 856 | 4 | 1 |
_3Table of contents _uhttp://www.loc.gov/catdir/toc/ecip0421/2004018995.html |
| 906 |
_a7 _bcbc _corignew _d1 _eecip _f20 _gy-gencatlg |
||
| 942 |
_2lcc _cBK |
||
| 999 |
_c14498 _d14498 |
||